| 000 | 00627nam a2200205Ia 4500 | ||
|---|---|---|---|
| 003 | GCL | ||
| 005 | 20240530104221.0 | ||
| 008 | 140319s9999 xx 000 0 ara d | ||
| 040 |
_aGCL / _cGCL |
||
| 082 | 0 | 4 |
_a215.96216 _bس ت |
| 100 | 1 | _aسنية قراعة | |
| 245 | 1 | 0 |
_aتاريخ الازهر فى الف عام / _cسنية قراعة |
| 260 |
_bمكتب الصحافة الدولى _c1968 |
||
| 300 |
_a462 ص : _bصور ؛ _c24 سم . |
||
| 650 | 0 | 4 | _aالمساجد - تاريخ |
| 650 | 0 | 4 | _aالاسلام - تراجم |
| 650 | 0 | 4 | _aالازهر (جامع) |
| 700 | _aسنية قراعة | ||
| 942 |
_2ddc _cBK |
||
| 999 |
_c45552 _d45552 |
||